| 000 | 00505nam a2200181Ia 4500 | ||
|---|---|---|---|
| 005 | 20250508152809.0 | ||
| 008 | 008 250505s9999 xx 000 0 eng d | ||
| 037 | _aTextual | ||
| 040 |
_aFEDL _beng _cFEDL |
||
| 041 |
_aeng _2eng |
||
| 084 |
_a523.2, MUN _qFEDL |
||
| 100 |
_aMunch Theodore W _9762406 |
||
| 245 | 0 | _aWhat is a solar system | |
| 260 |
_aLondon, UK _bWilliam Collins Sons and Co. Ltd. _c1959 |
||
| 300 | _a38p. | ||
| 942 |
_cTEXL _h523.2, MUN |
||
| 999 |
_c1338816 _d1338816 |
||